One Piece, surnoms des personnages - Statistiques

Statistiques générales
  • Ce quiz a été pris 408 fois
  • Le résultat moyen est 22 sur 50
Statistiques - réponses
Personnage Surnom % Correct
Monkey D. Luffy Chapeau de paille
93%
Shanks Le roux
71%
Edward Newgate Barbe blanche
69%
Marshall D. Teach Barbe noire
68%
Nami La chatte voleuse
68%
Charlotte Linlin Big Mom
67%
Vinsmoke Sanji La jambe noire
66%
Gol D. Roger Le roi des pirates
65%
Baggy Le clown
63%
Roronoa Zoro Le chasseur de pirates
62%
Jimbe Le paladin des mers
61%
Marco Le phénix
61%
Ener Dieu Ener
57%
Usopp Sniperking
54%
Sakazuki Akainu
52%
Kuzan Aokiji
51%
Borsalino Kizaru
50%
Dracule Mihawk Œil de Faucon
50%
Portgas D. ace Aux poings ardents
49%
Eustass " " Kid Captain
49%
Trafalgar D. Water Law Le chirurgien de la mort
49%
Cutty Flam/ Franky Le cyborg
46%
Brook Le fredonneur
46%
Silver Rayleigh Le seigneur des ténèbres
45%
Kaido Aux cents bêtes
44%
Bellamy La hyène
44%
Sengoku Le Bouddha
44%
Issho Fujitora
40%
Kuma Le tyran
40%
Nico Robin La démone d'Ohara
39%
Monkey D. Dragon Le révolutionnaire
38%
Capone " " Bege Gang
37%
Jack La sécheresse
37%
Urouge Le moine fou
36%
Jewelry Bonney La gloutonne
35%
Scien (Queen) La pandémie
34%
Crocodile Mr.0
34%
Boa Hancock L'impératrice pirate
33%
Don Quichotte Doflamingo Joker
30%
Alber (King) L'incendie
29%
Foxy Le renard argenté
28%
Monkey D. Garp Le héro de la marine
27%
Aramaki Ryokugyu
27%
Smoker Le chasseur blanc
22%
Basil Hawkins Le sorcier / le magicien
22%
Sabo L'empereur des flammes
18%
Tony Tony Chopper Le fana de barbe à papa
12%
Killer Le massacreur
12%
Scratchmen Apoo La marée rugissante
11%
X Drake Le pavillon rouge
9%
Aucun quiz correspondant
Distribution des résultats
% des personnes avec chaque résultat
Percentile par nombre de réponses
Votre historique - résultats
Vous n’avez pas pris ce quiz